000 00603nam a22002417a 4500
003 LK-CoDNM
005 20241121150159.0
008 241015b |||||||| |||| 00| 0 eng d
040 _aLK-CoDNM
_dLK-CoDNM
_eLK-CoDNM
041 _aeng
080 _aPM
_bE2.35
100 _a
245 _aThe Maha Bodhi-1962 ( Vol.70 )
_bNo.2
260 _aCalcutta
_bGouranga press
_c1962
300 _b30p. : ill ; 25 cm
500 _aMonthly magazine
650 _aThe Maha Bodhi-1962 ( Vol.70 )
650 _aNo.2
650 _aPM E2.35
650 _a1962
650 _aMonthly magazine
942 _cBK
999 _c231969
_d231969